000 00430nam a2200181Ia 4500
001 10578
005 20260306161842.0
008 260306t1963||||xx |||||||||||||| ||spa||
041 _aESP
082 _a940.53
_bT27
100 _aTaylor, A. J. P.
_eAUT
245 4 _aThe origins of the second world war
260 _c1963
300 _a286 páginas :
_c18 cm.
650 _aGEN
654 _aCHU
942 _cLIB
_dJUS
_fJUS
_2ddc
_n
999 _c10578
_d10578